000 00465nam a2200181Ia 4500
005 20240823041736.0
008 240823s9999||||xx |||||||||||||| ||und||
041 _aTAMIL
082 _A231.014 Q0
100 _aKannadhasan
245 0 _aArthamulla Indhumatham - Etam Pagam Pogam Rogam Yogam
250 _a1st
260 _c2010
_b"Kannadhasan Pathippagam,Ch"
500 _aTRANSFERED
650 _aPogam Rogam Yogam
_bGeneral
942 _cBK
999 _c206224
_d206224